| 000 | 00802nam a2200265Ia 4500 | ||
|---|---|---|---|
| 008 | 160319s9999 xx 000 0 und d | ||
| 245 | _a4th grade adventures / | ||
| 245 | _cLearning Company. | ||
| 260 | _aCambridge, Mass. : | ||
| 260 | _bThe Learning Company. | ||
| 260 | _c1998 | ||
| 300 | _a2 computer optical discs : | ||
| 300 | _bsound, colored ; | ||
| 300 | _c4 3/4 in. | ||
| 650 | _aComputer adventure games -- | ||
| 650 | _aCritical thinking -- | ||
| 650 | _aEducational games -- | ||
| 650 | _aFourth grade (Education) -- Activity programs -- | ||
| 650 | _aProblem solving -- | ||
| 650 | _xInteractive multimedia. | ||
| 650 | _xInteractive multimedia. | ||
| 650 | _xInteractive multimedia. | ||
| 650 | _xInteractive multimedia. | ||
| 650 | _xInteractive multimedia. | ||
| 999 |
_c292703 _d292703 |
||